Koloniálny rozvoj: počiatky, príčiny, diskurz, prax, kontinuity a následky
Nastavenie začiatku koloniálneho rozvoja pomocou dvoch zdanlivo protichodných pojmov, ktoré sa v histórii často vyskytujú vedľa seba – autoritárskeho a liberálneho vládnutia.
Uložené v:
| Hlavný autor: | |
|---|---|
| Médium: | Kapitola |
| Jazyk: | English |
| Predmet: | |
| Tagy: |
Žiadne tagy, Buďte prvý, kto otaguje tento záznam!
|
MARC
| LEADER | 00000naa a2200000 4500 | ||
|---|---|---|---|
| 001 | 0290926 | ||
| 005 | 20250424115424.7 | ||
| 041 | 0 | |a eng | |
| 044 | |a CZ | ||
| 245 | 1 | 0 | |a Koloniálny rozvoj: počiatky, príčiny, diskurz, prax, kontinuity a následky |c Tomáš Imrich Profant |
| 520 | |a Nastavenie začiatku koloniálneho rozvoja pomocou dvoch zdanlivo protichodných pojmov, ktoré sa v histórii často vyskytujú vedľa seba – autoritárskeho a liberálneho vládnutia. | ||
| 610 | 2 | 0 | |a kolonializmus |
| 610 | 2 | 0 | |a rozvoj hospodársky |
| 610 | 2 | 0 | |a spolupráca rozvojová |
| 610 | 2 | 0 | |a liberalizmus |
| 610 | 2 | 0 | |a autorita |
| 100 | 1 | |a Profant, Tomáš Imrich, 1983- | |